Brave the Rave : (Record no. 4626)

000 -LEADER
fixed length control field nam a22 a 4500
005 - DATE AND TIME OF LATEST TRANSACTION
control field 20170607145413.0
008 - FIXED-LENGTH DATA ELEMENTS--GENERAL INFORMATION
fixed length control field 170607s2014 ii ||||| |||| 00| 0 eng d
040 ## - CATALOGING SOURCE
Original cataloging agency AKMAL
082 ## - DEWEY DECIMAL CLASSIFICATION NUMBER
Classification number 364.2 BRA
090 ## - LOCALLY ASSIGNED LC-TYPE CALL NUMBER (OCLC); LOCAL CALL NUMBER (RLIN)
Classification number (OCLC) (R) ; Classification number, CALL (RLIN) (NR) 364.2
Local cutter number (OCLC) ; Book number/undivided call number, CALL (RLIN) BRA
100 1# - MAIN ENTRY--PERSONAL NAME
Personal name Dr. G Sreekumar Menon, IRS, DG, NACEN
9 (RLIN) 8907
245 ## - TITLE STATEMENT
Title Brave the Rave :
Remainder of title The Bane of Party Drugs in India
Statement of responsibility, etc. National Academy of Customs, Excise & Narcotics, Faribad - 121008
260 ## - PUBLICATION, DISTRIBUTION, ETC.
Place of publication, distribution, etc. India
Name of publisher, distributor, etc. National Academy of Customs, Excise & Narcotics
Date of publication, distribution, etc. 2014
300 ## - PHYSICAL DESCRIPTION
Extent 224p
Dimensions 24cm
650 #0 - SUBJECT ADDED ENTRY--TOPICAL TERM
Topical term or geographic name entry element Drugs
9 (RLIN) 4433
942 ## - ADDED ENTRY ELEMENTS (KOHA)
Source of classification or shelving scheme
Koha item type Book
Holdings
Withdrawn status Lost status Source of classification or shelving scheme Damaged status Not for loan Collection code Home library Current library Shelving location Date acquired Inventory number Total Checkouts Full call number Barcode Date last seen Price effective from Koha item type
          FICTION AKMAL Melaka AKMAL Melaka PINJAMAN 07.06.2017 307019   364.2 BRA 201707360 07.06.2017 07.06.2017 Book
Pusat Sumber Maklumat Dato' Haji Sarmin Md Hussin, Akademi Kastam Diraja Malaysia, Melaka
Tel: 06-2331106 | Faks: 06-2313787